(Khmer) In God's hand / (Record no. 48937)
| 000 -LEADER | |
|---|---|
| fixed length control field | 00247nam a2200097 4500 |
| 100 ## - MAIN ENTRY--PERSONAL NAME | |
| Personal name | Chy, Solina. |
| 9 (RLIN) | 86322 |
| 245 ## - TITLE STATEMENT | |
| Title | (Khmer) In God's hand / |
| Statement of responsibility, etc | Chy Solina. |
| 260 ## - PUBLICATION, DISTRIBUTION, ETC. (IMPRINT) | |
| Place of publication, distribution, etc | Cambodia: |
| 300 ## - PHYSICAL DESCRIPTION | |
| Extent | 302 p. |
| Other physical details | pictures. |
| Dimensions | 20 cm. |
| 942 ## - ADDED ENTRY ELEMENTS (KOHA) | |
| Source of classification or shelving scheme | |
| Koha item type | Khmer NON FIC Books |
| Withdrawn status | Lost status | Source of classification or shelving scheme | Damaged status | Not for loan | Collection code | Home library | Current library | Shelving location | Date acquired | Total Checkouts | Full call number | Barcode | Date last seen | Date checked out | Price effective from | Koha item type |
|---|---|---|---|---|---|---|---|---|---|---|---|---|---|---|---|---|
| Siem Riep | Asian Hope Secondary Library | Asian Hope Secondary Library | 05/20/2025 | 2 | KHMER 920 CHY | 208293 | 01/16/2026 | 10/24/2025 | 05/20/2025 | Khmer NON FIC Books |